000
00312nam a22001337a 4500
008
171124b xxu||||| |||| 00| 0 eng d
020
_a
9780070213821
041
_a
eng
080
_a
070
100
_a
39
101
_a
MED
245
_a
SOUND STUDIO CONSTRUCTION ON A BUDGET
_c
EVEREST, F.A
942
_2
udc
_c
BK
999
_c
38468
_d
38468